Normal view
MARC view
- 1.Digital electronics 2. Logic circuits...Computer aided design 3. Verilog (Computer hardware description language
Entry Topical Term
001 - CONTROL NUMBER
- control field: 3068
003 - CONTROL NUMBER IDENTIFIER
- control field: NUST
005 - DATE AND TIME OF LATEST TRANSACTION
- control field: 20170622111027.0
008 - FIXED-LENGTH DATA ELEMENTS
- fixed length control field: 170622|| aca||aabn | a|a d
040 ## - CATALOGING SOURCE
- Original cataloging agency: NUST
- Transcribing agency: NUST
150 ## - HEADING--TOPICAL TERM
- Topical term or geographic name entry element: 1.Digital electronics 2. Logic circuits...Computer aided design 3. Verilog (Computer hardware description language
670 ## - SOURCE DATA FOUND
- Source citation: Work cat.: (NUST)23953: Michael D. Ciletti 3067, Advanced Digital Design with the VERILOG HDL
